Top 25 largest Islands - World Map Sudden Death - Statistics

General Stats
  • This quiz has been taken 374 times
  • The average score is 9 of 16
Answers on the Grid
Answers color-coded by a green-red scale on the quiz's grid according to % correct below.
 
Answer Stats
Answer % Correct
New Guinea
85%
Greenland, Iceland
84%
80%
Sumatra, Borneo, Sri Lanka
65%
Borneo, Luzon, Mindanoa, Papua New Guinea
65%
Madagascar
63%
Sumatra, Java
62%
Great Briitain
61%
North Island, South Island
59%
Honshu, Sakhalin
58%
Cuba, Hispanola
53%
52%
Great Britain
52%
Newfoundland
27%
Severny Island
21%
Sakhalin
19%
No matching quizzes found
Score Distribution
Percent of People with Each Score
Percentile by Number Answered
Your Score History
You have not taken this quiz